| 000 | 00437nam a22000977a 4500 | ||
|---|---|---|---|
| 008 | 150605b xxu||||| |||| 00| 0 eng d | ||
| 010 | _8CACAF:61 | ||
| 245 | _aCOURT OF APPEAL CIVIL APPEAL NO.29 OF 2002 Mubaraka Batesaki Vs Mubaraka Magala | ||
| 260 | _aCourt of Appeal Kampala | ||
| 500 | _3CORAM: Hon. Justice L.E.M. Mukasa-Kikonyogo, DCJ Hon. Justice A.E.N. Mpagi-Bahigeine, JA. Hon. Justice C.K. Byamugisha, JA. | ||
| 999 |
_c6015 _d6015 |
||